[Event "EU-ch 2nd"]
[Site "Ohrid"]
[Date "2001.06.10"]
[Round "9"]
[White "Malakhatko, Vadim"]
[Black "Kuzmin, Gennadi P"]
[Result "1-0"]
[WhiteElo "2524"]
[BlackElo "2569"]
[Annotator "Lutz,C"]
[PlyCount "115"]
[EventDate "2001.06.01"]
[EventType "swiss"]
[EventRounds "13"]
[EventCountry "YUG"]
[SourceTitle "CBM 084"]
[Source "ChessBase"]
[SourceDate "2001.09.13"]
[SourceVersion "1"]
[SourceVersionDate "2001.09.13"]
[SourceQuality "1"]

1. d4 {Hecht} Nf6 2. c4 e6 3. Nf3 d5 4. Nc3 c6 5. e3 Nbd7 6. Qc2 Bd6 7. Bd3 O-O
8. O-O Qe7 $6 {Es ist allgemein bekannt, dass dieser Zug zum Nachteil führt.} (
8... dxc4) (8... e5) 9. c5 $1 Bc7 10. e4 $14 e5 $2 (10... h6 11. Re1 dxe4 12.
Nxe4 Nxe4 13. Bxe4 Nf6 14. Bd3 Rd8 15. Bd2 Bd7 16. a3 Be8 17. Re2 Nd5 18. Rae1
Nf4 19. Bxf4 Bxf4 20. Bc4 Kh8 21. Qe4 Qf6 22. g3 Bc7 23. h4 g6 24. Kg2 Rd7 25.
Qc2 Qg7 26. Re4 Rad8 27. b4 Re7 28. R4e3 a6 29. Rd3 Red7 30. Qe2 Re7 31. Qe3
Red7 32. Ne5 Re7 33. f4 $16 {1-0 Ibragimov,I-Sveshnikov,E/St Petersburg 1998/
CBM 67/[Lutz] (50)}) 11. exd5 cxd5 12. Bg5 $1 e4 13. Nxd5 Nxd5 14. Bxe7 exd3
15. Qc4 Nxe7 16. d5 $18 {Drei Leichtfiguren sind eigentlich ein Äquivalent für
die Dame, aber nicht, wenn Weiß auch noch zwei starke Zentralbauern besitzt !}
Ng6 {Streng genommen ist dieser Zug eine Neuerung, aber das ist schon nicht
mehr wesentlich.} (16... Ne5 17. Nxe5 Bxe5 18. Rae1 Bf6 19. Qxd3 Rd8 20. b4 Be6
21. d6 Nc6 22. Rxe6 fxe6 23. Qe4 Kh8 24. b5 Nd4 25. Qxb7 Rab8 26. Qe4 Rbc8 27.
b6 Rxc5 28. b7 Rb8 29. Rb1 Kg8 30. d7 Kf7 31. Qxh7 Ke7 32. f4 Kxd7 33. Qd3 Kc7
34. Qa3 Be7 35. Qxa7 Rc6 36. Qa5+ Kd7 37. Qe5 Rd6 38. Qxg7 Ne2+ 39. Kh1 Nxf4
40. a4 Nd5 41. a5 Kc7 42. Qb2 Bf6 43. Qa3 Nc3 44. Rf1 Rbd8 45. Qb3 Kb8 46. g3
Ne4 47. a6 Bd4 48. Qa4 Nf2+ 49. Kg2 Ng4 50. a7+ {1-0 Dautov,R-Ribli,Z/Germany
1996/GER-chT (50)}) 17. b4 Nde5 18. Nxe5 Bxe5 19. Rae1 Bd7 20. Qxd3 a6 21. d6
Rfe8 22. Qd2 Re6 23. g3 Rae8 24. Re3 f5 25. Rfe1 f4 26. Re4 Bc6 27. a4 Kf8 (
27... Bxa4 28. Qa2 {/\ Re5}) (27... Bxe4 28. Rxe4 {/\ Qd5, d7}) 28. d7 Rd8 29.
Rxe5 Rxe5 30. Rxe5 Nxe5 31. Qd6+ Kf7 32. Qxe5 {Hecht: '[#] Nach Reduzierung
der Bauern bleibt Weiß mit einem Bauern im Vorteil, ohne dass Schwarz in der
Lage ist, eine Festung aufzubauen. Technik mit Taktikfinale! '} f3 33. g4 Rxd7
34. h4 h6 35. Kh2 Re7 36. Qf4+ Ke8 37. b5 axb5 38. axb5 Bxb5 39. Qxf3 Bc6 40.
Qc3 Kf7 41. Kg3 Kf8 42. h5 Re6 43. Qd2 Re7 44. Qd6 Ke8 45. f4 Re2 46. g5 hxg5 {
Hecht: 'Kleine taktische Einlage gefällig?'} (46... Rg2+ {Hecht} 47. Kh4 Bd7
48. gxh6 Rg4+ 49. Kh3 Rg6+ (49... Rxf4+ {Hecht} 50. Qxd7+ Kxd7 51. hxg7 Rf3+
52. Kg2 Rf5 53. g8=Q $18) 50. Qxd7+ Kxd7 51. hxg6 $18) 47. fxg5 Rg2+ 48. Kh4
Rf2 49. Qb8+ Ke7 50. g6 Rf1 51. Qc7+ {Hecht: 'Erobert zwingend den Bb7'} ({
Gut war auch} 51. Qg8 {Hecht} Rh1+ 52. Kg5 Rg1+ 53. Kf4 Rf1+ 54. Ke3 Rf3+ 55.
Kd4 Kf6 56. Qf8+ Kg5 57. Qxg7 Kxh5 58. Qh7+ $18) 51... Kf8 52. Qd8+ Be8 53.
Qd6+ Kg8 54. Qd5+ Kf8 55. Qxb7 Rf6 56. Kg5 Rc6 57. Qa7 Rf6 ({Witzig ist} 57...
Re6 {Hecht} 58. c6 $1 Rxc6 (58... Bxc6 {Hecht} 59. Qf7#) 59. Qa3+ Kg8 60. Qe7
Rc8 61. Qe6+ $18) 58. Qxg7+ 1-0

[Event "Dos Hermanas"]
[Site "Dos Hermanas"]
[Date "1997.04.05"]
[Round "4"]
[White "Gelfand, Boris"]
[Black "Kramnik, Vladimir"]
[Result "1/2-1/2"]
[WhiteElo "2700"]
[BlackElo "2740"]
[Annotator "Lutz,C"]
[PlyCount "33"]
[EventDate "1997.04.01"]
[EventType "tourn"]
[EventRounds "9"]
[EventCountry "ESP"]
[EventCategory "19"]
[SourceTitle "CBM 059"]
[Source "ChessBase"]
[SourceDate "1997.08.01"]
[SourceVersion "1"]
[SourceVersionDate "1997.08.01"]
[SourceQuality "1"]

1. d4 Nf6 2. c4 e6 3. Nf3 d5 4. Nc3 c6 5. e3 Nbd7 6. Qc2 Bd6 7. Bd3 O-O 8. O-O
dxc4 9. Bxc4 b5 10. Be2 Bb7 11. Rd1 Qc7 12. b3 a6 (12... Rac8 13. Rb1 (13. Bb2
Qb8 14. Ne4 Nxe4 15. Qxe4 c5 16. Qh4 c4 17. Rdc1 Nf6 18. d5 Nxd5 19. bxc4 bxc4
20. Bxc4 Be7 21. Qg3 Qxg3 22. hxg3 Nb6 $11 {1/2-1/2 Zvjaginsev,V-Galkin,A/
RUS-ch 1996 (42)}) 13... Rfe8 14. b4 a5 15. a3 axb4 16. axb4 Ra8 $11 {1/2-1/2
Zviaginsev,V-Shabanov,Y/RUS-chT 1996 (28)}) 13. Ne4 (13. Bb2 c5 $11 {>< c3}) (
13. a4 $5 b4 14. Ne4) 13... Nxe4 14. Qxe4 c5 15. Qh4 Nf6 16. Bb2 Qe7 17. dxc5 (
17. dxc5 Bxc5 $11) 1/2-1/2

[Event "Manila zt 3.2a playoff g25'/10"]
[Site "Manila"]
[Date "2001.04.25"]
[Round "3"]
[White "Adianto, Utut"]
[Black "Dao, Thien Hai"]
[Result "0-1"]
[WhiteElo "2589"]
[BlackElo "2564"]
[Annotator "Lutz,C"]
[PlyCount "68"]
[EventDate "2001.04.24"]
[EventType "match"]
[EventRounds "4"]
[EventCountry "PHI"]
[SourceTitle "CBM 083"]
[Source "ChessBase"]
[SourceDate "2001.07.05"]
[SourceVersion "1"]
[SourceVersionDate "2001.07.05"]
[SourceQuality "1"]

1. d4 d5 2. c4 c6 3. Nf3 Nf6 4. Nc3 e6 5. e3 Nbd7 6. Qc2 Bd6 7. Be2 O-O 8. O-O
dxc4 9. Bxc4 b5 10. Bd3 Bb7 11. e4 e5 12. Ne2 $5 {Weiß will unmittelbar seinen
Springer von dem weniger attraktiven Feld c3 umgruppieren, allerdings
vernachlässigt er die Deckung des Pe4.} (12. dxe5 {wurde häufiger gespielt:}
Nxe5 13. Nxe5 Bxe5 14. h3 c5 $6 $146 (14... b4 $5 15. Ne2 c5 16. f3 $1 c4 $1
17. Qxc4 Qb6+ (17... Rc8 {Illescas Cordoba} 18. Qb5) 18. Kh1 Rfd8 $1 $44 {
1/2-1/2 Topalov,V-Illescas Cordoba,M/Madrid 1997/CBM 59/[Illescas Cordoba] (61)
}) (14... Re8 15. Be3 $14 {1/2-1/2 Portisch,L-Tukmakov,V/Reggio Emilia 1987 
(18)}) 15. Nxb5 c4 16. Bxc4 Nxe4 17. Be3 Qh4 18. f4 Bf6 19. Rad1 Rac8 20. b3 a6
21. Nd6 Nxd6 22. Rxd6 $16 {0-1 Danailov,S-Nisipeanu,L/Wijk aan Zee 2000/CBM 75/
[Lutz] (29)}) 12... h6 $6 (12... c5 $1 {scheint der Grund zu sein, warum 12.
Ne2 letztlich nicht so gefährlich ist. Schwarz nutzt taktisch die Schwäche des
Pe4 zum Gegenspiel.} 13. dxe5 Nxe5 14. Nxe5 Bxe5 15. Bxb5 Bxe4 {Zwar hat
Schwarz die schlechtere Bauernstruktur, aber seine aktiven Figuren wiegen dies
auf.} 16. Qa4 Qb6 17. Nc3 Bb7 18. Re1 Bd4 19. Be3 Rad8 20. Rad1 Ng4 21. Bxd4
Rxd4 22. Rxd4 cxd4 23. Ne4 d3 24. h3 Bxe4 {1/2-1/2 Kacheishvili,G-Stripunsky,A/
Washington 1998/EXT 99 (24)}) 13. Rd1 (13. h3 $5 a6 14. Be3 Re8 15. Rad1 $2 (
15. dxe5 $142) 15... exd4 16. Nexd4 c5 17. Nf5 Bf8 $17 {0-1 Foisor,
C-Skripchenko Lautier,A/ROM-chT 1992/EXT 97 (36)}) 13... Qe7 $2 {Gibt Weiß ein
zusätzliches Tempo.} (13... Re8 $5) 14. Ng3 {Mit der lästigen Drohung Nf5.} Bb8
15. Nf5 Qe6 16. dxe5 Nxe5 17. N3d4 Qe8 18. Be2 Neg4 $5 {Schwarz sucht durch
ein spekulatives Figurenopfer Gegenspiel. Ansonsten würde er strategisch
einfach schlecht stehen.} (18... a6 19. Nb3 $16) 19. h3 Bh2+ $5 ({Es gab
bereits kein Zurück mehr:} 19... Ne5 20. Bxh6 $1 gxh6 21. Qc1 $1 $18 {und
Schwarz hat keine richtige Verteidigung gegen 22.Qxh6}) 20. Kf1 Nxf2 21. Kxf2
Nxe4+ 22. Kf1 c5 23. Nf3 Qe6 24. g4 Bc7 25. Bxb5 $16 {Jetzt hat Schwarz für
die Figur nur einen Bauern und gewisse Angriffschancen gegen den weißen König.}
Rad8 26. Be3 (26. Re1 $5) 26... Ng3+ 27. Kf2 Ne4+ 28. Kg1 g6 $1 {Um den
Springer zu vertreiben.} 29. Bc4 Qf6 30. Nxh6+ Kg7 {Die schwarze Hoffungen
beruhen nun auf dem gestrandeten Nh6.} 31. Rf1 Bf4 $6 (31... Qd6 32. Qg2 $16)
32. Bxf4 $2 {Ein grober Zeitnotfehler, der das Geschehen zu Ungunsten von Weiß
entscheidet.} (32. Nf5+ $1 gxf5 33. Bxf4 $18) 32... Qxf4 $17 33. Nxf7 $2 (33.
Qe2 Qxh6 $17) 33... Rd2 $1 $19 34. Qxd2 Nxd2 0-1

[Event "EU-chT (Men) 11th"]
[Site "Pula"]
[Date "1997.05.??"]
[Round "2.1"]
[White "Akopian, Vladimir Eduardovic"]
[Black "Chernin, Alexander"]
[Result "1/2-1/2"]
[WhiteElo "2655"]
[BlackElo "2635"]
[Annotator "Lutz,C"]
[PlyCount "80"]
[EventDate "1997.05.05"]
[EventType "team-swiss"]
[EventRounds "9"]
[EventCountry "CRO"]
[SourceTitle "CBM 057 Extra"]
[Source "ChessBase"]
[SourceDate "1997.05.01"]
[SourceVersion "1"]
[SourceVersionDate "1997.05.01"]
[SourceQuality "1"]
[WhiteTeam "Armenia"]
[BlackTeam "Hungary"]
[WhiteTeamCountry "ARM"]
[BlackTeamCountry "HUN"]

1. d4 d5 2. c4 c6 3. Nc3 Nf6 4. e3 e6 5. Nf3 Nbd7 6. Qc2 Bd6 7. Be2 O-O 8. O-O
dxc4 9. Bxc4 Qe7 10. a3 e5 11. h3 Bb8 12. Ba2 h6 13. Nh4 Rd8 14. Nf5 Qe8 15.
Bd2 Nf8 16. Rfd1 {Wie bereits in den Anmerkugen zu Timman,J-Akopian,V (Ubeda
1997) dargelegt, sehe ich keinen Vorteil des Textzuges gegenüber 16.Tad1.
Akopian ist anscheinend anderer Ansicht.} exd4 (16... Qd7 $5) 17. Nxd4 N8h7 $5
{[%csl Re4][%cal Yh7g5,Yg5e4] /\ ...Ng5-e4} (17... Qe5 {Timman,J-Akopian,V/
Ubeda 1997}) 18. Nf5 Bc7 (18... Ng5 $2 19. Nxh6+ gxh6 20. Qg6+ $18) 19. e4 Be6
20. Bxe6 Qxe6 21. f4 h5 {/\ ...g6} 22. e5 Nd5 23. Nxd5 Rxd5 24. Bb4 Rxd1+ 25.
Rxd1 Rd8 26. Rxd8+ Bxd8 $14 27. Kh1 $6 {Weiß hat etwas Raumvorteil, außerdem
ist der Nh7 derzeit deplaziert. Letztere droht aber wider ins Spiel zu kommen,
weshalb Weiß energisch handeln sollte. Daher sind die nächsten weißen Züge
etwas zu schlaff.} (27. Bc5 a6 28. Nd6 $5) 27... Qd5 28. Bc5 a6 29. b4 (29. Bb6
$5) (29. Nd6 $5) 29... Nf8 30. Ne3 (30. Ne7+ $2 Bxe7 31. Bxe7 Ne6 $36 {ist
natürlich völlig verfehlt.}) 30... Qd7 31. Bd6 (31. f5 Bg5 $5) 31... Ne6 32.
Qc4 Nc7 33. Qd3 Ne8 34. Nf5 (34. Nc4 $2 b5) 34... g6 35. Ng3 f5 (35... Nxd6 36.
Ne4 {/\ Nxd6, /\ Nc5}) 36. exf6 $11 {Weiß forciert das Dauerschach, da ert
sonst schlechter steht.} (36. Ne2 Nxd6 37. exd6 Kf7 {/\ ...Ke6; >< d6}) 36...
Qxd6 37. Qxg6+ Kf8 38. Qh6+ Kg8 39. Ne4 Qd7 40. Qg6+ Kf8 1/2-1/2

[Event "Astana"]
[Site "Astana"]
[Date "2001.05.31"]
[Round "9"]
[White "Gelfand, Boris"]
[Black "Shirov, Alexei"]
[Result "1/2-1/2"]
[WhiteElo "2712"]
[BlackElo "2722"]
[Annotator "Lutz,C"]
[PlyCount "54"]
[EventDate "2001.05.20"]
[EventType "tourn"]
[EventRounds "10"]
[EventCountry "KAZ"]
[EventCategory "20"]
[SourceTitle "CBM 084"]
[Source "ChessBase"]
[SourceDate "2001.09.13"]
[SourceVersion "1"]
[SourceVersionDate "2001.09.13"]
[SourceQuality "1"]

1. d4 d5 2. c4 c6 3. Nc3 Nf6 4. Nf3 e6 5. e3 Nbd7 6. Qc2 Bd6 7. Bd3 O-O 8. O-O
e5 {Möglicherweise wird der Karpov-Komplex 6.Qc2/7.Bd3 durch diesen Zug mehr
oder weniger entschärft, denn es entsteht nahezu forciert ein Endspiel, in dem
die weißen Gewinnaussichten äußerst minimal sind.} 9. cxd5 cxd5 10. e4 dxe4 11.
Nxe4 Nxe4 12. Bxe4 h6 13. Rd1 $5 {Ein neuer Versuch im Kampf um den Vorteil.} (
13. Be3 {war bislang die Hauptfortsetzung.} exd4 14. Bh7+ Kh8 15. Bxd4 Nf6 16.
Bf5 Qa5 $1 (16... Bxf5 $6 17. Qxf5 Qc8 18. Qb5 a6 19. Qb6 Qc7 20. Qxc7 Bxc7 21.
Bxf6 gxf6 22. Rfe1 Rfe8 23. Rad1 $14 {1-0 Karpov,A-Kramnik,V/Vienna 1996/CBM
55/[Lutz] (59)}) 17. Bxc8 Rfxc8 18. Qb3 Qd5 19. Bxf6 Qxb3 20. axb3 (20. Bxg7+
Kxg7 21. axb3 Be7 $1 $44 {1/2-1/2 Bareev,E-Dreev,A/Elista 1998/CBM 65/[Lutz] 
(25) Schwarz stellt den Läufer nach f6 und hat Kompensation. Für Weiß ist es
sehr schwer, den Mehrbauern zu verwerten.}) 20... gxf6 21. Rfd1 Rd8 22. g3 Bc5
23. Kg2 Bb6 24. Rac1 Rxd1 25. Rxd1 Rc8 26. Rd2 Rc5 27. Nh4 h5 28. f4 Rb5 29.
Rd3 Rc5 30. Rd2 Rb5 31. Rd3 Rc5 {1/2-1/2 Kramnik,V-Shirov,A/Frankfurt 2000/CBM
78/[Lutz] (31)}) 13... Qc7 (13... exd4 14. Nxd4 Nf6 15. Bf3 Qa5 16. g3 Bg4 17.
Bxg4 Nxg4 18. h3 Nf6 19. Nf5 Rac8 20. Qd3 Bc5 21. Qf3 Rcd8 22. Bxh6 gxh6 23.
Nxh6+ Kg7 24. Nf5+ Kg6 25. Nh4+ Kg7 26. Nf5+ Kg6 27. Nh4+ {1/2-1/2 Degerman,
L-Tella,J/Stockholm 1999/CBM 68 ext (27)}) 14. Qxc7 (14. Be3 $5 exd4 15. Qxc7
Bxc7 16. Nxd4 Nf6 17. Nb5 Be5 18. Bf3 Bf5 19. Bd4 Bxd4 20. Rxd4 Bd7 21. Nd6 Bc6
22. Bxc6 bxc6 23. Rc1 $14 {1-0 Loncar,R-Bukal,V/Zadar 1998/EXT 2000 (39)}) (14.
Bh7+ Kh8 15. Qxc7 Bxc7 16. Bf5 exd4 17. Nxd4 Nf6 18. Be3 Bb6 19. Bxc8 Raxc8 20.
Nf5 Bxe3 21. Nxe3 Rfd8 22. Kf1 g6 23. Ke2 Kg7 $11 {1-0 Pihlajasalo,A-Aura,K/
Espoo 1997/EXT 2000 (58)}) 14... Bxc7 15. dxe5 Nxe5 16. Be3 Nxf3+ 17. Bxf3 Be5
18. Bc5 Re8 19. Re1 Bd7 $1 {Damit hat Schwarz seine Probleme gelöst. Shirov
hat alles genau berechnet.} 20. Bxb7 Rab8 21. Rxe5 Rxe5 22. Bd6 Ree8 23. Bxb8
Rxb8 24. Be4 Rxb2 25. Rd1 Be8 26. Rd8 Kf8 27. a4 (27. Bc6 $4 Rb1+) 27... Ke7
1/2-1/2

[Event "Dos Hermanas"]
[Site "Dos Hermanas"]
[Date "1997.04.11"]
[Round "9"]
[White "Topalov, Veselin"]
[Black "Kramnik, Vladimir"]
[Result "1/2-1/2"]
[WhiteElo "2725"]
[BlackElo "2740"]
[Annotator "Lutz,C"]
[PlyCount "55"]
[EventDate "1997.04.01"]
[EventType "tourn"]
[EventRounds "9"]
[EventCountry "ESP"]
[EventCategory "19"]
[SourceTitle "CBM 059"]
[Source "ChessBase"]
[SourceDate "1997.08.01"]
[SourceVersion "1"]
[SourceVersionDate "1997.08.01"]
[SourceQuality "1"]

1. d4 d5 2. c4 c6 3. Nf3 Nf6 4. Nc3 e6 5. e3 Nbd7 6. Qc2 Bd6 7. Bd3 O-O 8. O-O
dxc4 9. Bxc4 a6 10. Bd2 $6 (10. Rd1 {erscheint mir kritischer.}) 10... c5 11.
Bd3 (11. dxc5 Nxc5 12. a4 b6 13. e4 Qc7 14. h3 Bb7 15. Rfe1 Ncd7 16. Bf1 $6 (
16. Bd3 $11 {Kramnik}) 16... Rac8 17. Rad1 Qb8 18. Qb1 h6 $15 {0-1 Costa,
J-Kramnik,V/Manila olm 1992 (30)}) (11. a4 Qc7 12. Qd3 cxd4 13. exd4 b6 14.
Rac1 Bb7 15. Bb3 Rac8 16. Rfe1 Qb8 17. h3 Rfd8 $11 {1-0 Vyzmanavin,A-Novikov,I/
URS-ch57 Leningrad 1990 (32)}) 11... h6 12. Rad1 (12. Rfd1 $5) 12... cxd4 13.
exd4 Qc7 14. Rc1 Qb8 15. Rfe1 b5 16. Ne4 Bb7 (16... Nxe4 $2 17. Bxe4 Bb7 18.
Bxb7 Qxb7 19. Qc6 Qxc6 20. Rxc6 Be7 21. d5 $16) 17. Nxd6 Qxd6 $11 {Die Drohung
...Bxf3 nötigt Weiß zum Damentausch. Schwarz hat keine Probleme mehr.} 18. Qc7
Qxc7 19. Rxc7 Rab8 (19... Bxf3 $2 {würde zwar die weiße Bauernstellung
ruinieren, hinterläßt jedoch einen geschwächten schwarzen Damenflügel, z.B.}
20. gxf3 Rfc8 21. Rec1 Rxc7 22. Rxc7 Nb6 23. Rc6 Nfd5 (23... Nbd5 24. b3 {/\ a4
}) 24. Ba5 {[%csl Ra6,Rc6] >< a6, c6}) 20. Ba5 Rfc8 21. Rec1 Nd5 22. Rxc8+ Rxc8
23. Rxc8+ Bxc8 24. Ne5 Nb8 25. Be4 f6 26. Bxd5 exd5 27. Bc7 fxe5 28. Bxb8
1/2-1/2

[Event "RUS-Cup01 Chigorin Memorial"]
[Site "St Petersburg"]
[Date "1997.11.08"]
[Round "8"]
[White "Shipov, Sergei"]
[Black "Novgorodskij, Vladimir"]
[Result "1-0"]
[WhiteElo "2575"]
[BlackElo "2390"]
[Annotator "Lutz,C"]
[PlyCount "55"]
[EventDate "1997.11.01"]
[EventType "swiss"]
[EventRounds "9"]
[EventCountry "RUS"]
[SourceTitle "CBM 062"]
[Source "ChessBase"]
[SourceDate "1998.01.31"]
[SourceVersion "1"]
[SourceVersionDate "1998.01.31"]
[SourceQuality "1"]

1. d4 d5 2. c4 c6 3. Nf3 Nf6 4. Nc3 e6 5. e3 Nbd7 6. Qc2 Bd6 7. Bd3 O-O 8. O-O
Qe7 $6 {Wegen des folgenden weißen Zuges wurde hier in der letzten Zeit 9...
dxc4 bevorzugt.} 9. c5 $1 Bc7 10. e4 $14 {Weiß hat einen soliden Vorteil.} dxe4
(10... e5 $2 11. exd5 cxd5 12. Bg5 e4 13. Nxd5 Nxd5 14. Bxe7 exd3 15. Qc4 Nxe7
16. d5 Ne5 17. Nxe5 Bxe5 18. Rae1 Bf6 19. Qxd3 $18 {Dautov,R-Ribli,Z/BL 9697})
11. Nxe4 {Da Schwarz nicht ...e5 durchsetzen kann, hat er eine passive
Stellung, vergleichbar mit der Moskauer Variante 5.Bg5 h6 6.Bxf6 Qxf6. Dort
hat Schwarz aber als Kompensation das Läuferpaar.} Nxe4 (11... h6 {1/2-1/2
Dautov,R-Shirov,A/BL9697 1996 (26) Dautov}) (11... Nd5 {1-0 Kramnik,V-Dreev,A/
Linares14th 1997 (65)}) 12. Bxe4 h6 (12... Nf6 $2 13. Bg5 h6 14. Bh4 $16 {
Dautov}) 13. Re1 Nf6 14. Bd3 (14. a4 $6 {wirkt etwas grobschlächtig.} Rd8 15.
Ra3 e5 16. Nxe5 Rxd4 $13 {ZÜ 1-0 Levin,F-Bagirov,V/Nuernberg Weilburg op 1996 
(40)}) 14... Rd8 (14... Nd5 15. Bd2 Qf6 16. Ne5 Nf4 17. Bxf4 Qxf4 18. Re4 Qg5
19. Rae1 Bd8 20. h4 Qe7 21. b4 Qe8 22. Rf4 b5 23. Bh7+ Kh8 24. Bg6 {1-0
Topalov,V-Rodriguez,M/Tenerife sim 1997}) (14... Bd7 15. Bd2 b6 16. b4 bxc5 17.
bxc5 Rfd8 18. Reb1 Rab8 19. Qa4 Be8 20. Rb3 Nd5 21. g3 Rxb3 22. axb3 Bb8 23.
Ba5 Rc8 24. Ba6 Qf6 25. Ne5 {1-0 Arlandi,E-Scotti,U/Porto San Giorgio op 1997})
15. Bd2 $16 Rd5 {Schwarz will sich nicht mit Passivität abfinden und macht
dadurch die Sache noch schlimmer.} (15... a5 16. a3 Bd7 17. b4 b6 18. Bc3 Nd5
19. g3 Be8 20. Bd2 $16 {Belichev,N-Kelly,B/EU-chJM 1997/EXP 59/1-0 (62)}) 16.
Bc4 Rh5 17. h3 Nd5 18. Qe4 Qf6 19. Bd3 Rf5 20. Ne5 Nf4 21. Bf1 Qg5 22. g4 Rf6
23. Rad1 h5 24. h4 Nh3+ 25. Bxh3 Qxh4 26. g5 Qxh3 27. gxf6 gxf6 28. Re3 1-0

[Event "Bundesliga 0102"]
[Site "Germany"]
[Date "2001.11.23"]
[Round "5.6"]
[White "Schaller, Sven"]
[Black "Mueller, Matthias"]
[Result "0-1"]
[WhiteElo "2301"]
[BlackElo "2402"]
[Annotator "Lutz,C"]
[PlyCount "68"]
[EventDate "2001.10.06"]
[EventType "team-tourn"]
[EventRounds "15"]
[EventCountry "GER"]
[SourceTitle "CBM 087"]
[Source "ChessBase"]
[SourceDate "2002.03.21"]
[SourceVersion "1"]
[SourceVersionDate "2002.03.21"]
[SourceQuality "1"]
[WhiteTeam "Koenig Plauen"]
[BlackTeam "Erfurt SK"]
[WhiteTeamCountry "GER"]
[BlackTeamCountry "GER"]

1. Nf3 d5 2. c4 e6 3. d4 c6 4. e3 Nf6 5. Nc3 Nbd7 6. Qc2 Bd6 7. Bd2 O-O 8. Bd3
dxc4 9. Bxc4 b5 10. Bd3 (10. Be2 $5 Bb7 11. O-O Qb8 12. a4 Rc8 13. Rfc1 a6 14.
h3 Be7 15. Ng5 b4 16. Nce4 c5 17. dxc5 h6 18. Nxf6+ Nxf6 19. Nf3 Bxc5 20. Qd1
Ne4 21. Be1 Qa7 22. Qb3 a5 $15 {0-1 Bagirov,V-Knaak,R/Jyvaskyla 1994/EXT 97 
(75)}) 10... Bb7 11. Ne4 $5 {Es sieht riskant aus, vor der Rochade im Zentrum
aktiv zu werden.} (11. O-O $142 b4 (11... a6 12. Ng5 h6 13. Nge4 Be7 14. Nxf6+
Nxf6 15. Ne4 Nxe4 16. Bxe4 $14 {Baikov,V-Tabatadze,T/URS-chT 1988/TD 88\11/0-1
(44)}) 12. Ne4 (12. Na4 Rc8 {/\} 13. e4 c5) 12... Nxe4 13. Bxe4 Nf6 $11 14. a3
(14. Bd3 Rc8 $11 {/\ ...c5}) 14... bxa3 15. bxa3 Nxe4 16. Qxe4 Qe7 17. Rfb1
Rab8 18. Qg4 c5 19. dxc5 Bxc5 20. Bc3 f6 {1/2-1/2 Karpov,A-Gelfand,B/Biel 1997/
CBM 60/[Lutz] (20)}) (11. e4 e5 12. O-O exd4 13. Nxd4 Nc5 14. Be2 b4 15. Na4
Ncxe4 16. Be3 Re8 17. Rad1 Qc7 $17 {0-1 Galje,H-Novikov,I/Korinthos 2000/EXT
2001 (42)}) 11... Nxe4 12. Bxe4 Nf6 13. Bd3 c5 14. dxc5 Bxc5 15. Bc3 (15. Bxh7+
$5 Nxh7 16. Qxc5 Rc8 $5 $44) 15... Rc8 16. Ng5 $5 h6 17. h4 $2 {Das ist nun
aber definitiv zu optimistisch.} (17. Nh7 Nxh7 18. Bxh7+ Kh8 19. Be4 Qe7 20. a3
{und Weiß kann noch so halbwegs die Balance halten.}) 17... Bb4 $1 18. Bh7+ {
Weiß wählt eine Abwicklung, die ihm zwei Türme gegen die Dame einbringt. Aus
materieller Sicht wäre dies in Ordnung für ihn, aber seine Figuren sind derart
verstreut, dass er dennoch auf Verlust steht.} Kh8 19. Bxb4 Rxc2 20. Bxc2 Qc7
$1 21. Bxf8 Qxc2 22. Nf3 Kg8 $1 $19 {Witzigerweise hat der Bf8 kein gutes Feld
entlang der Diagonalen a3-f8.} 23. Be7 (23. Bd6 Ne4 $19) (23. Ba3 Bxf3 24. gxf3
b4 25. Bxb4 Qxb2 $19) 23... Ng4 24. Nd2 (24. O-O Qc7 $1 $19 {/\ ...Bf3}) (24.
Rf1 Bxf3 25. gxf3 Ne5 $19) 24... Qc7 25. Ba3 Bxg2 26. Rg1 Qh2 27. Ke2 f5 $1 28.
Bd6 Bf3+ $1 {Der Schlusspunkt.} 29. Nxf3 Qxf2+ 30. Kd3 Qxe3+ 31. Kc2 Qxf3 32.
Bc5 Qe2+ 33. Kb3 Qc4+ 34. Ka3 Qa4# 0-1